000 01130nam a2200265Ia 4500
001 brideofmisfortun00blak
003 CaSfIA
005 20210117221713.0
007 cr||||
008 910315s1974 nyu 000 0 eng d
040 _aJBR
_cJBR
_dCaSfIA
020 _a067177929X (pbk.)
020 _a9780671779290 (pbk.)
035 _a(OCoLC)23251795
100 1 _aBlake, Vanessa.
245 1 0 _aBride of misfortune /
_h[electronic resource]
_cVanessa Blake.
250 _aPocket Book ed.
260 _aNew York :
_bPocket Books,
_c1974.
300 _a176 p.
856 4 1 _uhttp://www.archive.org/details/brideofmisfortun00blak
_zFree eBook from the Internet Archive
856 4 2 _uhttp://www.openlibrary.org/books/OL24372043M
_zAdditional information and access via Open Library
942 _cEB
506 _fНеобхідна авторизація на https://archive.org/ (створення облікового запису безкоштовно)
506 _fНеобхідна авторизація на https://openlibrary.org/ (створення облікового запису безкоштовно)
999 _c476518
_d476518